| 000 | 00414nam a22001337a 4500 | ||
|---|---|---|---|
| 005 | 20251108173430.0 | ||
| 008 | 250721s2006 xx 000 0 ara d | ||
| 082 | 1 | 4 | _a331.137/مسح |
| 245 | 1 | 0 | _aمسح العمالة و البطالة (الجولة الولى) / |
| 264 | 1 |
_aعمان : _bدائرة الإحصاءات العامة، _c2006. |
|
| 650 | 1 | 7 | _aالبطاله |
| 942 |
_2ddc _cREF |
||
| 999 |
_c103728 _d103728 |
||